Enseñanza y aprendizaje de las ciencias

Saved in:
Bibliografiske detaljer
Hovedforfatter: Harlen, Wynne (Author)
Format: Bog
Sprog:spansk
Udgivet: Madrid Ministerio de Educación y Ciencia 1994
Udgivelse:2a. ed
Serier:Colección Pedagogía, Educación Infantil y Primaria
Fag:
Tags: Tilføj Tag
Ingen Tags, Vær først til at tagge denne postø!

MARC

LEADER 00000nam a2200000 a 4500
001 UCO2471
003 CL-VaPUC
008 000602e19940000SP |||||||||||||||||spa|d
020 |a 8471123312 
082 0 4 |a 372.35  |b HAR  |2 21 
100 0 |a Harlen, Wynne  |e author  |9 234 
245 1 0 |a Enseñanza y aprendizaje de las ciencias 
250 |a 2a. ed 
300 |a 350 p 
942 |c BK 
945 |d 20000602 00:00:00  |a vberengu 
260 |a Madrid  |b Ministerio de Educación y Ciencia  |c 1994 
650 0 |a Desarrollo científico  |9 259799 
650 0 |a Enseñanza de las ciencias  |9 331919 
650 0 |a Métodos de aprendizaje  |9 334464 
650 0 |a Procesos de aprendizaje  |9 309161 
583 |a last modification  |c 20000602 00:00:00  |k Rodrigo Vera 
490 0 |a Colección Pedagogía, Educación Infantil y Primaria 
999 |c 288978  |d 288976 
952 |0 0  |1 0  |4 0  |6 372_350000000000000_HAR_1994  |7 0  |8 A  |9 337023  |a BIBCUR  |b BIBCUR  |d 2019-11-20  |i 3625788  |o 372.35 HAR 1994  |p 3625788  |r 2025-04-22  |w 2019-11-20  |y BK  |k BCB 
952 |0 0  |1 0  |4 0  |6 372_350000000000000_HAR_1994  |7 0  |8 A  |9 337024  |a BIBCUR  |b BIBCUR  |d 2019-11-20  |i 3625796  |l 1  |o 372.35 HAR 1994  |p 3625796  |r 2025-04-22  |s 2024-09-09  |w 2019-11-20  |y BK  |k BCB